Images et épesodes de 100 grandes figures Francaise de Jeanne d'Arc au Schweitzer

Salvato in:
Dettagli Bibliografici
Autore principale: René Poirier
Natura: Libro
Lingua:Undetermined
Pubblicazione: Paris Grund 1969
Soggetti:
Tags: Aggiungi Tag
Nessun Tag, puoi essere il primo ad aggiungerne! !
Thư viện lưu trữ: Trung tâm Học liệu Trường Đại học Cần Thơ
LEADER 00502nam a2200169Ia 4500
001 CTU_32760
008 210402s9999 xx 000 0 und d
082 |a 843.092 
082 |b P753 
100 |a René Poirier 
245 0 |a Images et épesodes de 100 grandes figures Francaise de Jeanne d'Arc au Schweitzer 
245 0 |c René Poirier 
260 |a Paris 
260 |b Grund 
260 |c 1969 
650 |a french literature - biography 
980 |a Trung tâm Học liệu Trường Đại học Cần Thơ